El coronel no tiene quien le escriba

El coronel no tiene quien le escriba, es una novela corta, cuenta la historia de un ex militar latinoamericano, que después de servir a su país en la última Guerra Civil, espera por 15 años su carta de jubilación, la cual es su esperanza para salir de la pobreza y tener una mejor vida junto a su esp...

Πλήρης περιγραφή

Αποθηκεύτηκε σε:
Λεπτομέρειες βιβλιογραφικής εγγραφής
Κύριος συγγραφέας: García Márquez, Gabriel
Μορφή: Βιβλίο
Γλώσσα:Undetermined
Έκδοση: París, Francia (s.n.) 1957
Θέματα:
Ετικέτες: Προσθήκη ετικέτας
Δεν υπάρχουν, Καταχωρήστε ετικέτα πρώτοι!

MARC

LEADER 00000nam a2200000Ia 4500
008 170316s9999 xx 000 0 und d
040 |a cru BVZT 
090 |a 860 G-12cor 
100 |a García Márquez, Gabriel  |9 985 
245 |a El coronel no tiene quien le escriba   |c / Gabriel García Márquez 
260 |a París, Francia  |b (s.n.)  |c 1957 
300 |a 72 páginas 
520 |a El coronel no tiene quien le escriba, es una novela corta, cuenta la historia de un ex militar latinoamericano, que después de servir a su país en la última Guerra Civil, espera por 15 años su carta de jubilación, la cual es su esperanza para salir de la pobreza y tener una mejor vida junto a su esposa enferma. La novela relata la persistencia del personaje principal, quien viaja todos los viernes al pueblo, en espera de encontrar tan ansiado comunicado, mismo que nunca llega, además de abordar temas controversiales como la falta de sentido de justicia y la corrupción estatal, en una Colombia inestable por los conflictos civiles.  
650 |a LITERATURA LATINOAMERICANA  |9 15 
650 |a NOVELA  |9 13 
942 0 0 |0 1  |2 z  |c 4 D 
999 |c 8284  |d 8284